[Event "RUS-ch Men Blitz 2019"]
[Site "Sochi"]
[Date "2019.10.17"]
[Round "12.23"]
[White "Eraschenkov, Denis"]
[Black "Alexeev, Alexey"]
[Result "1/2-1/2"]
[WhiteElo "2382"]
[BlackElo "2252"]
[Annotator "NA"]
[PlyCount "91"]
[EventDate "2019.10.17"]
[EventType "swiss"]
[EventCountry "RUS"]
[SourceTitle "playchess.com"]
[Source "ChessBase"]
[SourceQuality "1"]
[TimeControl "180+2"]

1. e4 {[%emt 0:00:00]} c5 {[%emt 0:00:00]} 2. Nf3 {[%emt 0:00:01]} Nc6 {[%emt 0:00:00]} 3. Nc3 {[%emt 0:00:01]} Nf6 {[%emt 0:00:00]} 4. Bb5 {[%emt 0:00:02]} d6 {[%emt 0:00:20]} 5. O-O {[%emt 0:00:24]} e5 {[%emt 0:00:05]} 6. d3 {[%emt 0:00:10]} Be7 {[%emt 0:00:03]} 7. Nd5 {[%emt 0:00:03]} O-O {[%emt 0:00:14]} 8. Nxf6+ {[%emt 0:00:06]} Bxf6 {[%emt 0:00:02]} 9. h3 {[%emt 0:00:12]} Qc7 {[%emt 0:00:02]} 10. c3 {[%emt 0:00:04]} a6 {[%emt 0:00:12]} 11. Bc4 {[%emt 0:00:02]} b5 {[%emt 0:00:10]} 12. Bd5 {[%emt 0:00:06]} Rb8 {[%emt 0:00:15]} 13. Nh2 {[%emt 0:00:04]} Ne7 {[%emt 0:00:05]} 14. Bb3 {[%emt 0:00:01]} c4 {[%emt 0:00:05]} 15. Bc2 {[%emt 0:00:05]} cxd3 {[%emt 0:00:09]} 16. Qxd3 {[%emt 0:00:12]} Ng6 {[%emt 0:00:07]} 17. Bb3 {[%emt 0:00:13]} Be7 {[%emt 0:00:14]} 18. Ng4 {[%emt 0:00:10]} Kh8 {[%emt 0:00:07]} 19. Ne3 {[%emt 0:00:05]} Nf4 {[%emt 0:00:01]} 20. Qd1 {[%emt 0:00:02]} Be6 {[%emt 0:00:07]} 21. Kh2 {[%emt 0:00:06]} Qd7 {[%emt 0:00:19]} 22. Bxe6 {[%emt 0:00:08]} fxe6 {[%emt 0:00:07]} 23. g3 {[%emt 0:00:17]} Ng6 {[%emt 0:00:05]} 24. h4 {[%emt 0:00:02]} Bd8 {[%emt 0:00:11]} 25. h5 {[%emt 0:00:05]} Ne7 {[%emt 0:00:01]} 26. Qg4 {[%emt 0:00:06]} Bb6 {[%emt 0:00:06]} 27. Kg2 {[%emt 0:00:05]} Ng8 {[%emt 0:00:03]} 28. Nd5 {[%emt 0:00:07]} Nf6 {[%emt 0:00:12]} 29. Nxb6 {[%emt 0:00:05]} Rxb6 {[%emt 0:00:02]} 30. Qh4 {[%emt 0:00:01]} Rc6 {[%emt 0:00:03]} 31. h6 {[%emt 0:00:09]} g6 {[%emt 0:00:03]} 32. Bg5 {[%emt 0:00:04]} Nh5 {[%emt 0:00:05]} 33. Rad1 {[%emt 0:00:03]} Qf7 {[%emt 0:00:05]} 34. Qg4 {[%emt 0:00:03]} d5 {[%emt 0:00:05]} 35. Rd2 {[%emt 0:00:06]} Rc4 {[%emt 0:00:07]} 36. Re1 {[%emt 0:00:05]} d4 {[%emt 0:00:04]} 37. cxd4 {[%emt 0:00:05]} exd4 {[%emt 0:00:05]} 38. b3 {[%emt 0:00:05]} Rc3 {[%emt 0:00:01]} 39. e5 {[%emt 0:00:02]} d3 {[%emt 0:00:09]} 40. Re3 {[%emt 0:00:02]} Rc2 {[%emt 0:00:02]} 41. Rexd3 {[%emt 0:00:08]} Qxf2+ {[%emt 0:00:03]} 42. Rxf2 {[%emt 0:00:01]} Rfxf2+ {[%emt 0:00:01]} 43. Kg1 {[%emt 0:00:01]} Rg2+ {[%emt 0:00:04]} 44. Kf1 {[%emt 0:00:01]} Rcf2+ {[%emt 0:00:02]} 45. Ke1 {[%emt 0:00:01]} Nxg3 {[%emt 0:00:07]} 46. Rd8+ {[%emt 0:00:02]} 1/2-1/2

[Event "RUS-ch Men Blitz 2019"]
[Site "Sochi"]
[Date "2019.10.17"]
[Round "12.24"]
[White "Utnasunov, Alexander"]
[Black "Keosidi, Konstantin"]
[Result "1-0"]
[WhiteElo "2442"]
[BlackElo "2400"]
[Annotator "NA"]
[PlyCount "63"]
[EventDate "2019.10.17"]
[EventType "swiss"]
[EventCountry "RUS"]
[SourceTitle "playchess.com"]
[Source "ChessBase"]
[SourceQuality "1"]
[TimeControl "180+2"]

1. d4 {[%emt 0:00:00]} d5 {[%emt 0:00:00]} 2. c4 {[%emt 0:00:01]} e6 {[%emt 0:00:00]} 3. Nc3 {[%emt 0:00:01]} Nf6 {[%emt 0:00:03]} 4. cxd5 {[%emt 0:00:01]} exd5 {[%emt 0:00:01]} 5. Bg5 {[%emt 0:00:01]} Be7 {[%emt 0:00:01]} 6. e3 {[%emt 0:00:01]} c6 {[%emt 0:00:01]} 7. Bd3 {[%emt 0:00:02]} Nbd7 {[%emt 0:00:00]} 8. Qc2 {[%emt 0:00:04]} Nh5 {[%emt 0:00:01]} 9. Bxe7 {[%emt 0:00:06]} Qxe7 {[%emt 0:00:01]} 10. O-O-O {[%emt 0:00:09]} g6 {[%emt 0:00:06]} 11. Nf3 {[%emt 0:00:03]} Nb6 {[%emt 0:00:01]} 12. Kb1 {[%emt 0:00:10]} Ng7 {[%emt 0:00:02]} 13. Rhe1 {[%emt 0:00:14]} Be6 {[%emt 0:00:26]} 14. Rc1 {[%emt 0:00:16]} O-O-O {[%emt 0:00:04]} 15. Na4 {[%emt 0:00:09]} Nxa4 {[%emt 0:00:12]} 16. Qxa4 {[%emt 0:00:02]} Kb8 {[%emt 0:00:00]} 17. Rc3 {[%emt 0:00:19]} Bf5 {[%emt 0:00:03]} 18. Ne5 {[%emt 0:00:32]} Rc8 {[%emt 0:00:01]} 19. Rec1 {[%emt 0:00:09]} f6 {[%emt 0:00:08]} 20. Bxf5 {[%emt 0:00:01]} Nxf5 {[%emt 0:00:04]} 21. Nd3 {[%emt 0:00:04]} Nd6 {[%emt 0:00:16]} 22. Ra3 {[%emt 0:00:07]} Nb5 {[%emt 0:00:53]} 23. Rb3 {[%emt 0:00:01]} Rhe8 {[%emt 0:00:21]} 24. Nc5 {[%emt 0:00:07]} b6 {[%emt 0:00:10]} 25. Na6+ {[%emt 0:00:10]} Kb7 {[%emt 0:00:00]} 26. Nb4 {[%emt 0:00:01]} Qd6 {[%emt 0:00:32]} 27. Qa6+ {[%emt 0:00:26]} Kb8 {[%emt 0:00:01]} 28. a4 {[%emt 0:00:07]} c5 {[%emt 0:00:16]} 29. dxc5 {[%emt 0:00:07]} bxc5 {[%emt 0:00:09]} 30. Qxb5+ {[%emt 0:00:06]} Ka8 {[%emt 0:00:04]} 31. Na6 {[%emt 0:00:04]} c4 {[%emt 0:00:05]} 32. Qb7# {[%emt 0:00:02]} 1-0

[Event "RUS-ch Men Blitz 2019"]
[Site "Sochi"]
[Date "2019.10.17"]
[Round "12.25"]
[White "Bespalov, Konstantin"]
[Black "Morozevich, Alexander"]
[Result "0-1"]
[WhiteElo "2258"]
[BlackElo "2659"]
[Annotator "TA"]
[PlyCount "78"]
[EventDate "2019.10.17"]
[EventType "swiss"]
[EventCountry "RUS"]
[SourceTitle "playchess.com"]
[Source "ChessBase"]
[SourceQuality "1"]

{[%evp 13,80,-9,0,-14,-13,-23,-26,-15,-3,-33,-18,-25,-22,-24,-5,-18,-60,-53,-52,-59,-44,-49,-29,-56,-33,-59,-56,-61,-52,-53,0,-72,-34,-74,-62,-68,-74,-76,-53,-251,-237,-243,-235,-229,-235,-272,-151,-133,-135,-324,-178,-297,-92,-470,-457,-460,-463,-470,-427,-783,-789,-778,-730,-29975,-29978,-29996,-29994,-29994,-29993]} 1. e4 e6 2. Nc3 d5 3. d3 Nf6 4. e5 Nfd7 5. f4 c5 6. Nf3 Nc6 7. g3 b5 {[%cal Bb7b5,Bb5b4][%mdl 32]} 8. Bg2 {B02: Alekhine's Defence: Chase Variation and lines with early Nc3} (8. Bh3 b4 9. Ne2 Be7 10. O-O g6 11. c3 a5 12. d4 Ba6 13. Rf2 Qb6 14. Be3 h6 15. Rc1 Bb5 {1-0 (43) Ivaschenko,V (2217)-Baranov,G (2319) Maikop 2019}) 8... b4 9. Ne2 a5 {[%cal Ba7a5,Ba5a4,Ba4a3][%mdl 32]} 10. O-O {Black has an edge.} Be7 11. g4 Qb6 $146 ({Predecessor:} 11... h5 12. h3 hxg4 13. hxg4 Qc7 14. Be3 a4 15. Bf2 a3 16. b3 Ba6 17. Qd2 O-O-O 18. Bg3 {0-1 (40) Karlik,O (2201)-Vrana,F (2204) Czech Republic 2015}) 12. Ng3 Bb7 13. Be3 a4 14. Qe2 a3 15. b3 O-O-O 16. Rae1 Na7 17. f5 Nb5 18. Bd2 Kb8 19. Kh1 h6 20. Qf2 Rde8 21. Ne2 Bd8 ({Better is} 21... d4 $15) 22. Bf4 (22. d4 $11 {remains equal.}) 22... Bc7 23. Bg3 g5 24. fxg6 fxg6 25. Qe3 g5 26. h4 $2 (26. d4 $15) 26... d4 $19 27. Qd2 Reg8 {aiming for ...gxh4.} 28. h5 Rf8 29. Rf2 {[#]} Rf7 (29... Nxe5 $1 $19 {[%mdl 512]} 30. Nxe5 Rxf2 31. Bxf2 (31. Nd7+ $2 Ka7 $19) 31... Bxe5) 30. Ref1 $17 Rhf8 31. Kh2 $2 {[#]} (31. Qe1 $17 {might work better.}) 31... Ka7 (31... Nxe5 $142 $1 {[%mdl 512]} 32. Nxe5 Rxf2 {[%mdl 64] Overworked Piece} 33. Rxf2 Rxf2 34. Bxf2 Bxe5+ 35. Bg3 Bxg3+ 36. Kxg3 Qd6+ 37. Kh3 Bxg2+ 38. Kxg2 Qd5+ 39. Kf2 Qe5) 32. Kh3 {[#]} (32. Nfxd4 $142 Rxf2 33. Nxb5+ Qxb5 34. Rxf2 Rxf2 35. Bxf2) 32... Ka6 $2 (32... Nxe5 $1 $19 {[%mdl 512] and Black stays clearly on top.} 33. Nxe5 Rxf2 34. Rxf2 Rxf2 35. Bxf2 Bxg2+ 36. Kxg2 Bxe5) 33. Nxg5 $2 {[%mdl 8192]} (33. Qe1 $17) 33... Rxf2 $19 34. Rxf2 Rxf2 ({And not} 34... hxg5 35. Rxf8 Nxf8 36. Qxg5 $11) 35. Bxf2 hxg5 36. Qxg5 (36. Bg3 $142 Bxg2+ 37. Kxg2) 36... Bxg2+ 37. Kxg2 Qc6+ 38. Kh2 Nxe5 {Black mates.} 39. Ng1 {[#]} Nxg4+ {Played: Ne5-f3} 0-1

[Event "RUS-ch Men Blitz 2019"]
[Site "Sochi"]
[Date "2019.10.17"]
[Round "12.27"]
[White "Pogromsky, Mikhail"]
[Black "Khegay, Dmitriy"]
[Result "0-1"]
[WhiteElo "2411"]
[BlackElo "2509"]
[Annotator "ChessBase"]
[PlyCount "40"]
[EventDate "2019.10.17"]
[EventType "swiss"]
[EventCountry "RUS"]
[SourceTitle "playchess.com"]
[Source "ChessBase"]
[SourceQuality "1"]
[TimeControl "180+2"]

1. Nf3 {[%emt 0:00:00]} d5 {[%emt 0:00:00]} 2. d4 {[%emt 0:00:01]} c6 {[%emt 0:00:00]} 3. c4 {[%emt 0:00:02]} dxc4 {[%emt 0:00:00]} 4. e3 {[%emt 0:00:01]} Be6 {[%emt 0:00:01]} 5. Nbd2 {[%emt 0:00:29]} Qa5 {[%emt 0:00:10]} 6. Be2 {[%emt 0:00:04]} Nf6 {[%emt 0:00:12]} 7. O-O {[%emt 0:00:02]} b5 {[%emt 0:00:01]} 8. Ne5 {[%emt 0:00:11]} Nfd7 {[%emt 0:00:14]} 9. Ndf3 {[%emt 0:00:07]} g6 {[%emt 0:00:29]} 10. Ng5 {[%emt 0:00:03]} Nxe5 {[%emt 0:00:11]} 11. Nxe6 {[%emt 0:00:06]} fxe6 {[%emt 0:00:01]} 12. dxe5 {[%emt 0:00:01]} Bg7 {[%emt 0:00:01]} 13. Bg4 {[%emt 0:00:03]} O-O {[%emt 0:00:08]} 14. Bxe6+ {[%emt 0:00:01]} Kh8 {[%emt 0:00:00]} 15. f4 {[%emt 0:00:14]} Na6 {[%emt 0:00:02]} 16. Bd2 {[%emt 0:00:13]} Qb6 {[%emt 0:00:01]} 17. Qg4 {[%emt 0:00:34]} Rad8 {[%emt 0:00:06]} 18. Rad1 {[%emt 0:00:01]} Nc5 {[%emt 0:00:01]} 19. Qh3 {[%emt 0:00:22]} Nd3 {[%emt 0:00:07]} 20. Bc3 {[%emt 0:00:08]} Nxf4 {[%emt 0:00:08]} 0-1

[Event "RUS-ch Men Blitz 2019"]
[Site "Sochi"]
[Date "2019.10.17"]
[Round "12.28"]
[White "Zakhartsov, Vladimir"]
[Black "Volovich, Vasily"]
[Result "0-1"]
[WhiteElo "2514"]
[BlackElo "2120"]
[Annotator "ChessBase"]
[PlyCount "81"]
[EventDate "2019.10.17"]
[EventType "swiss"]
[EventCountry "RUS"]
[SourceTitle "playchess.com"]
[Source "ChessBase"]
[SourceQuality "1"]
[TimeControl "180+2"]

1. d4 {[%emt 0:00:00]} e6 {[%emt 0:00:00]} 2. c4 {[%emt 0:00:00]} Nf6 {[%emt 0:00:02]} 3. Nc3 {[%emt 0:00:00]} Bb4 {[%emt 0:00:01]} 4. Bd2 {[%emt 0:00:01]} c5 {[%emt 0:00:04]} 5. d5 {[%emt 0:00:02]} exd5 {[%emt 0:00:01]} 6. Nxd5 {[%emt 0:00:04]} Nxd5 {[%emt 0:00:02]} 7. cxd5 {[%emt 0:00:01]} Bxd2+ {[%emt 0:00:04]} 8. Qxd2 {[%emt 0:00:01]} d6 {[%emt 0:00:05]} 9. Nf3 {[%emt 0:00:03]} O-O {[%emt 0:00:02]} 10. e3 {[%emt 0:00:04]} Bg4 {[%emt 0:00:09]} 11. Bd3 {[%emt 0:00:05]} Nd7 {[%emt 0:00:07]} 12. h3 {[%emt 0:00:03]} Bxf3 {[%emt 0:00:09]} 13. gxf3 {[%emt 0:00:01]} Qf6 {[%emt 0:00:04]} 14. f4 {[%emt 0:00:04]} Rfe8 {[%emt 0:00:08]} 15. Be2 {[%emt 0:00:07]} Nb6 {[%emt 0:00:23]} 16. O-O-O {[%emt 0:00:08]} Rac8 {[%emt 0:00:08]} 17. Rhg1 {[%emt 0:00:06]} c4 {[%emt 0:00:06]} 18. Qd4 {[%emt 0:00:04]} Qxd4 {[%emt 0:00:06]} 19. Rxd4 {[%emt 0:00:01]} Rc5 {[%emt 0:00:01]} 20. Rgd1 {[%emt 0:00:07]} Ra5 {[%emt 0:00:17]} 21. Kb1 {[%emt 0:00:09]} Rc8 {[%emt 0:00:02]} 22. Re4 {[%emt 0:00:17]} Kf8 {[%emt 0:00:04]} 23. Rc1 {[%emt 0:00:09]} Rxd5 {[%emt 0:00:06]} 24. Rc2 {[%emt 0:00:11]} f5 {[%emt 0:00:06]} 25. Rd4 {[%emt 0:00:15]} Rxd4 {[%emt 0:00:01]} 26. exd4 {[%emt 0:00:01]} Nd5 {[%emt 0:00:23]} 27. Bf3 {[%emt 0:00:31]} Nxf4 {[%emt 0:00:06]} 28. Bxb7 {[%emt 0:00:01]} Rc7 {[%emt 0:00:08]} 29. Ba6 {[%emt 0:00:01]} Nxh3 {[%emt 0:00:04]} 30. b3 {[%emt 0:00:28]} c3 {[%emt 0:00:09]} 31. b4 {[%emt 0:00:00]} Nf4 {[%emt 0:00:03]} 32. a3 {[%emt 0:00:13]} h5 {[%emt 0:00:03]} 33. Rc1 {[%emt 0:00:14]} g5 {[%emt 0:00:07]} 34. Kc2 {[%emt 0:00:04]} Kf7 {[%emt 0:00:08]} 35. a4 {[%emt 0:00:02]} h4 {[%emt 0:00:07]} 36. a5 {[%emt 0:00:05]} Nd5 {[%emt 0:00:02]} 37. Kb3 {[%emt 0:00:03]} Kf6 {[%emt 0:00:04]} 38. Bc4 {[%emt 0:00:08]} Nf4 {[%emt 0:00:02]} 39. b5 {[%emt 0:00:02]} g4 {[%emt 0:00:04]} 40. Kb4 {[%emt 0:00:11]} d5 {[%emt 0:00:06]} 41. Bb3 {[%emt 0:00:01]} 0-1

[Event "RUS-ch Men Blitz 2019"]
[Site "Sochi"]
[Date "2019.10.17"]
[Round "12.29"]
[White "Smagin, Sergey"]
[Black "Gutenev, Alexander"]
[Result "1-0"]
[WhiteElo "2551"]
[BlackElo "2469"]
[Annotator "TA"]
[PlyCount "129"]
[EventDate "2019.10.17"]
[EventType "swiss"]
[EventCountry "RUS"]
[SourceTitle "playchess.com"]
[Source "ChessBase"]
[SourceQuality "1"]

{[%evp 9,129,3,1,4,10,-10,0,-26,-15,-28,-6,-6,-6,-11,-1,0,0,-17,0,-10,0,0,0,0,0,0,0,-4,-6,-8,-4,-12,-10,-9,0,-3,-4,-45,-26,-17,6,4,12,14,12,14,10,6,10,4,12,2,2,8,9,6,9,6,24,0,59,51,58,43,52,36,45,8,8,8,9,0,8,8,8,4,1,0,8,0,8,8,8,8,8,8,90,0,0,0,358,358,1143,922,900,824,679,383,1446,1068,1347,8,1078,0,1190,0,282,0,1165,981,759,744,1889,1620,29972,29974,29980,29978,29985,29986,29986,29987]} 1. e4 c5 2. c3 Nf6 3. e5 Nd5 4. Nf3 Nc6 5. Na3 g6 6. Bc4 {B22: Sicilian: 2 c3} (6. g3 Bg7 7. Bg2 O-O 8. O-O Nc7 9. d4 cxd4 10. cxd4 d6 11. exd6 Qxd6 12. Bf4 Qd8 13. Rc1 Ne6 {0-1 (45) Ciesla,A (2273)-Reza,W (2293) Dzwirzyno 2019}) 6... Nb6 7. Bb3 Bg7 8. d4 {The position is equal.} cxd4 9. cxd4 O-O 10. O-O $1 d6 11. exd6 Bg4 12. dxe7 Qxe7 13. Be3 Rad8 {Strongly threatening ...Bxd4!} 14. h3 Bxf3 $146 ({Predecessor:} 14... Bxd4 15. Qe2 Bxf3 16. Qxf3 Bxb2 17. Rab1 Ne5 {0-1 (28) Wakeham,M (834)-Sooley,H (1945) LSS email 2011}) 15. Qxf3 Nxd4 16. Bxd4 Bxd4 17. Rae1 Qf6 18. Qxf6 Bxf6 19. Re2 a6 20. Nc4 Nd5 21. g3 Nb4 22. Ne5 Kg7 23. Kg2 Bxe5 24. Rxe5 Nc6 25. Rd5 Rfe8 26. Rfd1 Rxd5 27. Rxd5 $11 {[%mdl 4096] Endgame KRB-KRN} Re7 28. Rd6 h5 29. h4 Kf8 30. Bd5 Nb4 31. Rd8+ Kg7 32. Bb3 Rc7 33. Rd6 Kf8 34. Rb6 Nc6 ({Better is} 34... Nd3 $11) 35. Bd5 $14 Nd8 $1 36. a4 Rd7 37. Bf3 Ke7 38. b4 Rd6 39. Rxd6 Kxd6 $11 {KB-KN} 40. Kf1 b6 41. Be2 a5 42. bxa5 bxa5 43. Bc4 f5 44. Bb5 {And now Be8 would win.} Ke5 45. Be8 Kf6 46. Ke2 Ne6 47. Ke3 Nc5 (47... Nc7 $1 $11 48. Bc6 Ke5) 48. Kd4 (48. Bc6 $1 $16) 48... Ne4 49. Ke3 Nd6 $2 {[%mdl 8192]} (49... Nc5 $1 $11) 50. Bc6 $18 Ke5 $2 {[#]} (50... Ke7 51. Kd4 Kd8) 51. f4+ $1 Kf6 {[#]} 52. Kd4 $1 {[%cal Rd4c5]} Ke6 53. Bd5+ Kf6 $2 (53... Kd7 54. Kc5 Ne4+ 55. Kb6 Nxg3 56. Kxa5 Kc7) 54. Kc5 Ke7 55. Bf3 $2 (55. Kb6 $18 Kd8 56. Kxa5) 55... Ke6 $2 {[%mdl 8192]} (55... Ne4+ $11 56. Kb6 Kd6 57. Kxa5 Kc5) 56. Bd5+ Ke7 57. Kd4 $2 (57. Kb6 Kd8 58. Kxa5) 57... Kf6 {If only Black now had time for ...Ne4....} 58. Kc5 $2 (58. Bg8) 58... Ke7 $1 59. Kb6 Ne4 60. Kxa5 {Bxe4 is the strong threat.} Nxg3 61. Kb6 Ne2 62. a5 {[%cal Ba4a5,Ba5a6][%mdl 32] White mates.} Nxf4 63. Bc4 Ne6 64. Bxe6 Kxe6 65. a6 {Accuracy: White = 59%, Black = 36%.} 1-0

[Event "RUS-ch Men Blitz 2019"]
[Site "Sochi"]
[Date "2019.10.17"]
[Round "12.30"]
[White "Airapetian, Gor"]
[Black "Zakaryan, David"]
[Result "0-1"]
[WhiteElo "2447"]
[BlackElo "2338"]
[Annotator "NA"]
[PlyCount "71"]
[EventDate "2019.10.17"]
[EventType "swiss"]
[EventCountry "RUS"]
[SourceTitle "playchess.com"]
[Source "ChessBase"]
[SourceQuality "1"]
[TimeControl "180+2"]

1. d4 {[%emt 0:00:00]} d5 {[%emt 0:00:00]} 2. c4 {[%emt 0:00:01]} e6 {[%emt 0:00:00]} 3. Nc3 {[%emt 0:00:01]} a6 {[%emt 0:00:01]} 4. cxd5 {[%emt 0:00:05]} exd5 {[%emt 0:00:01]} 5. Nf3 {[%emt 0:00:01]} Nf6 {[%emt 0:00:01]} 6. Bg5 {[%emt 0:00:09]} Be6 {[%emt 0:00:02]} 7. e3 {[%emt 0:00:02]} Nbd7 {[%emt 0:00:02]} 8. Be2 {[%emt 0:00:10]} h6 {[%emt 0:00:02]} 9. Bh4 {[%emt 0:00:01]} g5 {[%emt 0:00:01]} 10. Bg3 {[%emt 0:00:02]} Nh5 {[%emt 0:00:01]} 11. Qb3 {[%emt 0:00:22]} c5 {[%emt 0:00:09]} 12. Qxb7 {[%emt 0:00:36]} Nxg3 {[%emt 0:00:02]} 13. hxg3 {[%emt 0:00:00]} Rb8 {[%emt 0:00:34]} 14. Qxa6 {[%emt 0:00:13]} Rxb2 {[%emt 0:00:04]} 15. O-O {[%emt 0:00:12]} c4 {[%emt 0:00:26]} 16. Rab1 {[%emt 0:00:35]} Rc2 {[%emt 0:00:16]} 17. Rfc1 {[%emt 0:00:02]} Rxc1+ {[%emt 0:00:03]} 18. Rxc1 {[%emt 0:00:01]} Bb4 {[%emt 0:00:06]} 19. Qb5 {[%emt 0:00:28]} Qa5 {[%emt 0:00:10]} 20. Qxa5 {[%emt 0:00:12]} Bxa5 {[%emt 0:00:01]} 21. e4 {[%emt 0:00:13]} Bxc3 {[%emt 0:00:09]} 22. Rxc3 {[%emt 0:00:01]} dxe4 {[%emt 0:00:22]} 23. Nd2 {[%emt 0:00:00]} f5 {[%emt 0:00:04]} 24. Bxc4 {[%emt 0:00:08]} Ke7 {[%emt 0:00:02]} 25. Bb3 {[%emt 0:00:10]} Rb8 {[%emt 0:00:04]} 26. g4 {[%emt 0:00:02]} Nf6 {[%emt 0:00:31]} 27. gxf5 {[%emt 0:00:03]} Bxf5 28. Nf1 Bd7 {[%emt 0:00:11]} 29. Ne3 {[%emt 0:00:01]} Rb4 {[%emt 0:00:02]} 30. d5 {[%emt 0:00:02]} Rd4 {[%emt 0:00:03]} 31. Kf1 {[%emt 0:00:04]} h5 {[%emt 0:00:06]} 32. Rc4 {[%emt 0:00:03]} Rd2 {[%emt 0:00:03]} 33. Rc2 {[%emt 0:00:01]} Rd4 {[%emt 0:00:03]} 34. g3 {[%emt 0:00:03]} h4 {[%emt 0:00:00]} 35. gxh4 {[%emt 0:00:01]} gxh4 {[%emt 0:00:01]} 36. Kg2 {[%emt 0:00:01]} 0-1

[Event "RUS-ch Men Blitz 2019"]
[Site "Sochi"]
[Date "2019.10.17"]
[Round "12.31"]
[White "Kovalchuk, Alexey"]
[Black "Musalov, Ruslan"]
[Result "1/2-1/2"]
[WhiteElo "2388"]
[BlackElo "2348"]
[Annotator "NA"]
[PlyCount "140"]
[EventDate "2019.10.17"]
[EventType "swiss"]
[EventCountry "RUS"]
[SourceTitle "playchess.com"]
[Source "ChessBase"]
[SourceQuality "1"]
[TimeControl "180+2"]

1. e4 e5 2. Nf3 Nc6 3. Bc4 Bc5 4. d3 Nf6 5. c3 O-O 6. O-O d5 7. exd5 Nxd5 8. Re1 Nf6 9. Bg5 h6 10. Bh4 Re8 11. Nbd2 Bg4 12. h3 Bh5 13. Bg3 Bd6 14. b4 a6 15. a4 Qd7 16. Qc2 Rad8 17. b5 Na5 18. Nxe5 Bxe5 19. Bxe5 Nxc4 20. Nxc4 Qxd3 21. Qxd3 Rxd3 22. Bd4 Rxe1+ 23. Rxe1 Nd5 24. Re8+ Kh7 25. Ne5 Rd1+ 26. Kh2 axb5 27. axb5 Rc1 28. Rc8 Bg6 29. c4 Nf6 30. Rxc7 Ne4 31. Rxb7 Nd2 32. g4 Rc2 33. Kg3 Ne4+ 34. Kf3 Nd2+ 35. Ke3 Nf1+ 36. Kf4 Nd2 37. c5 Nb3 38. Be3 Nxc5 39. Bxc5 Rxc5 40. Nxg6 Kxg6 41. b6 Rb5 42. Rb8 Kf6 43. f3 Rb4+ 44. Ke3 g6 45. h4 Rb3+ 46. Kd4 Rxf3 47. Rc8 Rb3 48. Rc6+ Ke7 49. Kc5 h5 50. gxh5 gxh5 51. Rh6 f5 52. Rxh5 Ke6 53. Kc6 Rc3+ 54. Kb5 Rb3+ 55. Kc5 f4 56. Rh8 Kf5 57. Kc6 Rc3+ 58. Kd6 Rd3+ 59. Kc7 Rc3+ 60. Kb8 Kg4 61. h5 Kg5 62. h6 Kg6 63. b7 f3 64. Rf8 Kxh6 65. Rxf3 Rxf3 66. Ka8 Ra3+ 67. Kb8 Kg6 68. Kc7 Rc3+ 69. Kd7 Rd3+ 70. Kc7 Ra3 1/2-1/2

[Event "RUS-ch Men Blitz 2019"]
[Site "Sochi"]
[Date "2019.10.17"]
[Round "13.1"]
[White "Grachev, Boris"]
[Black "Shimanov, Aleksandr"]
[Result "1/2-1/2"]
[WhiteElo "2621"]
[BlackElo "2587"]
[Annotator "TA"]
[PlyCount "23"]
[EventDate "2019.10.17"]
[EventType "swiss"]
[EventCountry "RUS"]
[SourceTitle "playchess.com"]
[Source "ChessBase"]
[SourceQuality "1"]

{[%evp 10,23,0,0,4,0,4,0,6,3,3,7,10,29,70,16]} 1. Nf3 Nf6 2. c4 e6 3. Nc3 d5 4. e3 Be7 5. b3 O-O 6. Bb2 dxc4 {A13: English Opening: 1...e6} 7. Bxc4 a6 8. Be2 (8. O-O b5 9. Be2 Bb7 10. Rc1 c5 11. d4 Nbd7 12. dxc5 Nxc5 13. Nd4 Rc8 14. Bf3 Bxf3 15. gxf3 {1-0 (22) Shankland,S (2705)-Ding,L (2811) chess.com INT 2019}) 8... b6 $146 ({Predecessor:} 8... c5 9. Rg1 b5 10. g4 b4 11. Na4 Bb7 12. g5 {0-1 (99) Khismatullin,D (2628)-Grachev,B (2645) Sochi 2017}) 9. Ne5 c5 10. O-O Nfd7 11. Nxd7 Qxd7 12. d4 (12. Rc1 $14) 1/2-1/2